| 000 | 01450cam a22003737a 4500 | ||
|---|---|---|---|
| 003 | CHAP | ||
| 005 | 20220329142341.0 | ||
| 008 | 000906d2000 mx r 00110 spa d | ||
| 010 | _a82168 | ||
| 011 | _a83140 | ||
| 035 | _a93650 | ||
| 040 | _cCHAP | ||
| 090 | _aTesis | ||
| 100 | 0 | 0 |
_aHernández Herrera, José Antonio. _954171 |
| 245 | 1 | 0 |
_aDesarrollo de un prototipo para la creación de un sistema multimedia de fundamentos de inglés para el profesional de ciencas agropecuarias _c/por José Antonio Hernández Herrera |
| 260 |
_aBermejillo, Dgo. : _bEl autor, _c2000. |
||
| 300 | _a68 h. | ||
| 502 | _aTesis (Ing. Agr. en Sistemas Agrícolas de Zonas Aridas) -- UACH. Unidad Regional Universitaria de Zonas Aridas | ||
| 590 |
_aALEPH _b10 _c20130110 _lUCH01 _h1437 |
||
| 590 |
_aBATCH-UPD _b10 _c20130109 _lUCH01 _h2348 |
||
| 590 |
_aBATCH-UPD _b10 _c20130110 _lUCH01 _h1927 |
||
| 590 |
_aBATCH-UPD _b10 _c20130409 _lUCH01 _h1919 |
||
| 590 |
_aBATCH-UPD _b10 _c20130410 _lUCH01 _h1251 |
||
| 590 |
_aBATCH-UPD _b10 _c20130914 _lUCH01 _h1242 |
||
| 590 |
_aCONVERSION _b10 _c20130109 _lUCH01 _h1346 |
||
| 650 | 1 | 4 |
_aEducación agrícola. _935491 |
| 650 | 1 | 4 |
_aMultimedia en educación. _979461 |
| 650 | 1 | 4 |
_aProcesamiento automático de datos en educación. _991774 |
| 901 | _aBK | ||
| 905 | _aLilia Sánchez G. | ||
| 942 | _cFOLL | ||
| 949 |
_bBC _cTES _d33724000788501 _eTS2 _fc.2 _h36805 _i93650 _sb |
||
| 949 |
_bBC _cTES _d936501 _eTS1 _h36804 _i93650 _sb |
||
| 999 |
_c82168 _d82168 |
||